000 00731nam a22002417a 4500
001 3646
003 FISKH
005 20240402115505.0
008 240402b cb ||||| |||| 00| 0 eng d
040 _aFISK
_beng
_cFISK
_dFISK
050 _aPZ7.S1947
082 _a398.25
100 _aSan Souci Robert D
_d1946-2014
245 _aDouble-dare to be scared /
_cRobert D. San Souci
260 _aNew York :
_bScholastic,
_c2006
300 _a170 pages :
_c20 cm
505 _aQ
520 _aPresents a collection of thirteen original horror stories of witches, ghosts, and best friends who return from the dead.
521 8 _a910
_bLexile
700 _aRobert D. San Souci
942 _2ddc
_cBK
_n0
999 _c3646
_d3646